[Event "ZMD Open"]
[Site "Dresden"]
[Date "????.??.??"]
[Round "?"]
[White "Sergeev, V."]
[Black "Donchenko, A."]
[Result "1/2-1/2"]
[WhiteElo "2432"]
[BlackElo "2476"]
[PlyCount "78"]
[EventDate "2013.??.??"]

1. d4 d5 2. Nf3 Nf6 3. c3 Bf5 4. Qb3 Qc8 5. Bg5 Nbd7 6. e3 h6 7. Bh4 e6 8. c4
Be7 9. Nc3 c6 10. Rc1 O-O 11. a3 Nb6 12. c5 Nbd7 13. Qd1 Re8 14. Be2 Ne4 15.
Bxe7 Nxc3 16. Rxc3 Rxe7 17. b4 a6 18. O-O e5 19. dxe5 Nxe5 20. Nd4 Bg4 21. f3
Bd7 22. f4 Ng6 23. f5 Ne5 24. f6 Re8 25. fxg7 Qd8 26. Qc2 Qg5 27. e4 Qh4 28.
Nf5 Bxf5 29. exf5 Qf6 30. Rh3 Rad8 31. Qc1 Kxg7 32. Rg3+ Kh7 33. Qf4 Rg8 34.
Re3 Rde8 35. Rd1 Qg5 36. Qxg5 Rxg5 37. h4 Rgg8 38. Bh5 Kg7 39. Rde1 Kf6 1/2-1/2

[Event "ZMD Open"]
[Site "Dresden"]
[Date "????.??.??"]
[Round "?"]
[White "Farago, I."]
[Black "Donchenko, A."]
[Result "1-0"]
[WhiteElo "2447"]
[BlackElo "2364"]
[PlyCount "55"]
[EventDate "2013.??.??"]

1. d4 Nf6 2. c4 e6 3. Nf3 b6 4. g3 Bb7 5. Bg2 Be7 6. O-O O-O 7. Re1 d5 8. cxd5
exd5 9. Nc3 Nbd7 10. Bf4 Nh5 11. Bd2 Nhf6 12. Qc2 c5 13. Rad1 a6 14. dxc5 bxc5
15. Nh4 Re8 16. Nf5 Bf8 17. Bc1 Qa5 18. Ne3 Rab8 19. Nexd5 Nxd5 20. Nxd5 Qxa2
21. Bf4 Ne5 22. Ra1 Bxd5 23. Rxa2 Bxa2 24. b4 Rxb4 25. Qxa2 Nd3 26. Bd5 Re7 27.
Bxf7+ Kh8 28. Bd6 1-0

[Event "ZMD Open"]
[Site "Dresden"]
[Date "????.??.??"]
[Round "?"]
[White "Fraczek, D."]
[Black "Bräuer, F."]
[Result "1/2-1/2"]
[WhiteElo "2422"]
[BlackElo "2282"]
[PlyCount "47"]
[EventDate "2013.??.??"]

1. Nf3 Nf6 2. g3 d5 3. Bg2 e6 4. c4 Be7 5. O-O O-O 6. b3 c6 7. Bb2 a5 8. a3 b5
9. Qc2 Ba6 10. c5 b4 11. d4 Nbd7 12. axb4 axb4 13. Ne1 Qc7 14. Nd3 Bxd3 15.
exd3 Rxa1 16. Bxa1 Ra8 17. Nd2 Bf8 18. Nf3 g6 19. Qd2 Qb7 20. Bb2 Bg7 21. Rb1
Ra2 22. Ne1 Nb8 23. Qc1 Qb5 24. Ra1 1/2-1/2

[Event "ZMD Open"]
[Site "Dresden"]
[Date "????.??.??"]
[Round "?"]
[White "Wichmann, C."]
[Black "Böttger, L."]
[Result "1-0"]
[WhiteElo "2360"]
[BlackElo "2240"]
[PlyCount "33"]
[EventDate "2013.??.??"]

1. d4 Nf6 2. Nf3 d5 3. c4 e6 4. Nc3 Nbd7 5. cxd5 exd5 6. Bf4 Bb4 7. Qb3 c5 8.
dxc5 Qa5 9. a3 Bxc3+ 10. Qxc3 Qxc3+ 11. bxc3 Nxc5 12. e3 Be6 13. Nd4 Nfe4 14.
Nb5 O-O 15. f3 Nf6 16. Bd6 Rfe8 17. Nc7 1-0

[Event "ZMD Open"]
[Site "Dresden"]
[Date "????.??.??"]
[Round "?"]
[White "Holm, S."]
[Black "Andre, G."]
[Result "1/2-1/2"]
[WhiteElo "2256"]
[BlackElo "2333"]
[PlyCount "145"]
[EventDate "2013.??.??"]

1. d4 Nf6 2. Nf3 c5 3. c4 cxd4 4. Nxd4 e5 5. Nb5 d5 6. cxd5 Qa5+ 7. N5c3 b5 8.
Nd2 b4 9. Nce4 Qxd5 10. Nxf6+ gxf6 11. e4 Qb7 12. Bc4 Be6 13. Qa4+ Nc6 14. Bd5
Rc8 15. O-O Qd7 16. Bxe6 fxe6 17. Nf3 Qd3 18. Re1 Be7 19. Bh6 Rg8 20. Re3 Qd7
21. Rd1 Qb7 22. Red3 Kf7 23. Rd7 Rc7 24. Rxc7 Qxc7 25. Rc1 Rc8 26. Be3 Qb7 27.
h3 a6 28. Rd1 Qb5 29. Qxb5 axb5 30. Rc1 Ke8 31. b3 Kd7 32. Kf1 f5 33. Rd1+ Ke8
34. exf5 exf5 35. Rd5 Bf6 36. Rxb5 Ra8 37. Rb6 Kd7 38. Rb7+ Ke6 39. Bg5 Rxa2
40. Bxf6 Kxf6 41. Rxh7 Rc2 42. g4 e4 43. g5+ Ke6 44. Ne1 Rc1 45. Rh6+ Ke5 46.
f4+ Kxf4 47. g6 Nd4 48. Kf2 e3+ 49. Kg2 Rxe1 50. Rh4+ Ke5 51. Rxd4 Kxd4 52. g7
e2 53. g8=Q Rg1+ 54. Kxg1 e1=Q+ 55. Kg2 Qe4+ 56. Kg1 Qe1+ 57. Kg2 Qe4+ 58. Kg1
Kc3 59. Qg3+ Kb2 60. h4 Ka3 61. h5 f4 62. Qg4 Kxb3 63. h6 Ka3 64. Qg7 Qe3+ 65.
Kh2 b3 66. h7 Qf2+ 67. Kh3 Qf3+ 68. Kh2 Qh5+ 69. Kg2 Qe2+ 70. Kh3 Qe3+ 71. Kh2
Qf2+ 72. Kh3 Qf3+ 73. Kh2 1/2-1/2

[Event "ZMD Open"]
[Site "Dresden"]
[Date "????.??.??"]
[Round "?"]
[White "Vrublevskaya, O."]
[Black "Neef, M."]
[Result "0-1"]
[WhiteElo "2176"]
[BlackElo "2252"]
[PlyCount "84"]
[EventDate "2013.??.??"]

1. d4 Nf6 2. c4 g6 3. g3 Bg7 4. Bg2 O-O 5. Nc3 d6 6. Nf3 Nc6 7. O-O a6 8. Bf4
Rb8 9. Rc1 Bd7 10. Qd2 b5 11. Nd5 Ne4 12. Qe3 f5 13. cxb5 axb5 14. Bh6 e6 15.
Bxg7 Kxg7 16. Nf4 Ne7 17. Nd2 Nd5 18. Qd3 Nef6 19. Nxd5 exd5 20. Qc2 c6 21. Nf3
Ra8 22. a3 Ra4 23. e3 Qb6 24. Rfd1 Rc8 25. Ne1 Rc4 26. Qb3 Be6 27. Bf1 Ra4 28.
Rc2 Ra5 29. Nd3 c5 30. Nf4 Bf7 31. dxc5 dxc5 32. Bg2 d4 33. Qd3 Rd8 34. Qe2
dxe3 35. Rxd8 Qxd8 36. fxe3 Qe7 37. Rc3 b4 38. axb4 Ra1+ 39. Bf1 cxb4 40. Rc2
Ng4 41. Qd3 Qxe3+ 42. Kg2 Qxd3 0-1

[Event "ZMD Open"]
[Site "Dresden"]
[Date "????.??.??"]
[Round "?"]
[White "Rjabzev, K."]
[Black "Schnoor, E."]
[Result "1-0"]
[WhiteElo "2287"]
[BlackElo "2059"]
[PlyCount "101"]
[EventDate "2013.??.??"]

1. e4 c5 2. Nf3 d6 3. c3 Nf6 4. h3 Bd7 5. Bd3 Nc6 6. Bc2 Rc8 7. O-O e6 8. Re1
Be7 9. d4 cxd4 10. cxd4 Nb4 11. Bb3 Rxc1 12. Qxc1 Nd3 13. Qe3 Nxe1 14. Qxe1 d5
15. e5 Ne4 16. Nc3 Bb4 17. Qe3 Nxc3 18. bxc3 Be7 19. c4 dxc4 20. Bxc4 Bc6 21.
Rd1 Qa5 22. Nh2 Bd5 23. Qb3 Bc6 24. Qg3 O-O 25. Ng4 Kh8 26. Ne3 Rd8 27. Qf4 Kg8
28. Kh2 Rd7 29. g3 Qd8 30. h4 b5 31. Bb3 a5 32. Bc2 a4 33. Ng4 h5 34. Nh6+ gxh6
35. Qxh6 Bxh4 36. Bh7+ Kh8 37. Bg6+ Kg8 38. Bh7+ Kh8 39. Be4+ Kg8 40. Qh7+ Kf8
41. Bxc6 Rc7 42. Bg2 Bg5 43. f4 Bxf4 44. Qh8+ Ke7 45. Qxd8+ Kxd8 46. gxf4 Rc2
47. d5 exd5 48. Rxd5+ Ke7 49. a3 Rc3 50. Rxb5 Rxa3 51. Bd5 1-0

[Event "ZMD Open"]
[Site "Dresden"]
[Date "????.??.??"]
[Round "?"]
[White "Hess, C."]
[Black "Günnigmann, M."]
[Result "1/2-1/2"]
[WhiteElo "2273"]
[BlackElo "2140"]
[PlyCount "94"]
[EventDate "2013.??.??"]

1. Nf3 Nf6 2. c4 d6 3. d4 Nbd7 4. Nc3 e5 5. Bg5 Be7 6. e3 Ng8 7. Bxe7 Nxe7 8.
Qc2 exd4 9. Nxd4 Nc5 10. Be2 O-O 11. O-O Nc6 12. Rad1 Rb8 13. Nd5 Nxd4 14. Rxd4
a5 15. Bd3 Nxd3 16. Qxd3 b6 17. g3 Re8 18. Rh4 h6 19. Qc3 Be6 20. Rd1 Rc8 21.
a3 Qg5 22. Kg2 Qe5 23. Qd4 Bxd5+ 24. cxd5 c5 25. dxc6 Rxc6 26. b4 axb4 27. axb4
Rec8 28. Re4 Qxd4 29. Rdxd4 Kf8 30. b5 Rc5 31. Rxd6 Rxb5 32. Rd7 Rf5 33. Rb7
Rf6 34. g4 g6 35. Kg3 Re8 36. Rc4 Kg7 37. h4 Rfe6 38. Rcc7 Rf8 39. g5 hxg5 40.
hxg5 Re5 41. Kg4 b5 42. f3 Rxe3 43. Rxb5 Ra3 44. Rb6 Ra4+ 45. f4 Ra5 46. Rf6
Ra3 47. Rb7 Rc3 1/2-1/2

[Event "ZMD Open"]
[Site "Dresden"]
[Date "????.??.??"]
[Round "?"]
[White "Urban, L."]
[Black "Shvayger, Y."]
[Result "0-1"]
[WhiteElo "2127"]
[BlackElo "2265"]
[PlyCount "146"]
[EventDate "2013.??.??"]

1. d4 Nf6 2. c4 g6 3. Nc3 d5 4. cxd5 Nxd5 5. g3 Bg7 6. Bg2 Nb6 7. e3 O-O 8. Nf3
Nc6 9. O-O a5 10. b3 Bg4 11. Bb2 Qc8 12. Qc2 Rd8 13. Rac1 Nb4 14. Qb1 Bh3 15.
Rfd1 c6 16. a3 Na6 17. Ba1 Bxg2 18. Kxg2 Nd5 19. Nxd5 Rxd5 20. e4 Rb5 21. a4
Rb6 22. Nd2 Nb4 23. Nc4 Rba6 24. Bc3 Bh6 25. Bxb4 axb4 26. Rc2 Qe8 27. Ne5 Rd8
28. Rc4 Bg7 29. Nf3 b5 30. Rxb4 e6 31. d5 Bc3 32. axb5 cxb5 33. Rdd4 Bxd4 34.
Rxd4 exd5 35. exd5 Rad6 36. Qd3 Qd7 37. Ne5 Qf5 38. Qxf5 gxf5 39. Nc6 Re8 40.
Kf3 Kg7 41. Kf4 Kf6 42. Nb4 Re1 43. f3 Rd8 44. Rd3 Rde8 45. h4 Rf1 46. Rd4 Ke7
47. Rd3 Kf6 48. Rd4 Re4+ 49. Rxe4 fxe4 50. Kxe4 Ke7 51. Nc6+ Kd6 52. Nd4 Re1+
53. Kf5 b4 54. Nc2 Rd1 55. Kg5 Kxd5 56. Kh6 Kc5 57. Kxh7 Rd3 58. g4 Rxf3 59. g5
Rxb3 60. Kg7 f5 61. gxf6 Rg3+ 62. Kh8 b3 63. Na3 Kd6 64. h5 Ke6 65. h6 b2 66.
Nb1 Kxf6 67. Nd2 Kf7 68. Kh7 Rd3 69. Nb1 Rd1 70. Kh8 Rxb1 71. h7 Kg6 72. Kg8
Rh1 73. h8=Q Rxh8+ 0-1

[Event "ZMD Open"]
[Site "Dresden"]
[Date "????.??.??"]
[Round "?"]
[White "Stock, A."]
[Black "Müller, M."]
[Result "1-0"]
[WhiteElo "2107"]
[BlackElo "2264"]
[PlyCount "107"]
[EventDate "2013.??.??"]

1. c4 e6 2. Nc3 d5 3. cxd5 exd5 4. d4 c6 5. Qc2 Nf6 6. Bg5 Be7 7. e3 h6 8. Bh4
O-O 9. Bd3 Re8 10. Nf3 Nbd7 11. O-O b6 12. Bg3 Bb7 13. Ne5 Nxe5 14. Bxe5 Nd7
15. Bg3 Bf6 16. Rfd1 Nf8 17. Rac1 Ne6 18. b4 Qe7 19. Qb3 Rad8 20. Ne2 g6 21.
Nf4 Nxf4 22. Bxf4 Bg7 23. Qa4 Ba8 24. a3 Kh7 25. Qc2 Rc8 26. Ba6 Bb7 27. Bxb7
Qxb7 28. Rd3 Re6 29. Rc3 b5 30. Rc5 a5 31. bxa5 Bf8 32. Rc3 Qa6 33. h4 Qxa5 34.
Qd3 Qd8 35. h5 Qd7 36. hxg6+ fxg6 37. Qc2 Kg8 38. Rb1 Ra8 39. Rbb3 Ra4 40. Be5
c5 41. Rxc5 Bxc5 42. Qxc5 Ra5 43. Qc3 Ra7 44. Qd3 Rb7 45. e4 Kh7 46. Qf3 dxe4
47. Qxe4 Rc6 48. Rh3 Rc1+ 49. Kh2 Qxh3+ 50. gxh3 Ra7 51. Qf4 Rc6 52. Qf8 g5 53.
Qh8+ Kg6 54. Qe8+ 1-0

[Event "ZMD Open"]
[Site "Dresden"]
[Date "????.??.??"]
[Round "?"]
[White "Pallas, S."]
[Black "Barthel, A."]
[Result "1-0"]
[WhiteElo "1903"]
[BlackElo "2244"]
[PlyCount "91"]
[EventDate "2013.??.??"]

1. e4 Nf6 2. e5 Nd5 3. c4 Nb6 4. d4 d6 5. exd6 cxd6 6. d5 e5 7. Nc3 Be7 8. Bd3
O-O 9. Nge2 f5 10. b3 Na6 11. f4 e4 12. Bc2 Nc5 13. O-O a5 14. Be3 Bd7 15. Nd4
Re8 16. Qe2 Bf6 17. Rab1 g6 18. Qf2 Rc8 19. Rfc1 Qe7 20. Rd1 Na6 21. Nce2 Nb4
22. a3 Nxc2 23. Nxc2 Na8 24. Ncd4 Nc7 25. b4 Na6 26. Rdc1 axb4 27. axb4 b5 28.
cxb5 Nc7 29. Nc6 Bxc6 30. bxc6 Nxd5 31. b5 Rb8 32. b6 Rec8 33. b7 Re8 34. Ba7
Nc7 35. Bxb8 Rxb8 36. Qe3 d5 37. Rd1 Qd6 38. Rbc1 Kf7 39. Qa7 Qd8 40. Qb6 Ke7
41. Rd2 Ke8 42. Rcd1 Be7 43. Nc3 Bd6 44. Nxd5 Nxd5 45. Qxd8+ Rxd8 46. Rxd5 1-0

[Event "ZMD Open"]
[Site "Dresden"]
[Date "????.??.??"]
[Round "?"]
[White "Paul, J."]
[Black "Hentze, M."]
[Result "1/2-1/2"]
[WhiteElo "2238"]
[BlackElo "2106"]
[PlyCount "22"]
[EventDate "2013.??.??"]

1. c4 e5 2. g3 Nf6 3. Bg2 d5 4. cxd5 Nxd5 5. Nc3 Nc6 6. Nf3 Nb6 7. O-O Be7 8.
a3 O-O 9. b4 Re8 10. Bb2 Nc4 11. Bc1 Bf8 1/2-1/2

[Event "ZMD Open"]
[Site "Dresden"]
[Date "????.??.??"]
[Round "?"]
[White "Linnemann, N."]
[Black "Bogomolow, S."]
[Result "0-1"]
[WhiteElo "1948"]
[BlackElo "2206"]
[PlyCount "82"]
[EventDate "2013.??.??"]

1. e4 e5 2. Nf3 Nc6 3. Bb5 a6 4. Bxc6 dxc6 5. O-O f6 6. d3 Ne7 7. Be3 b6 8.
Nbd2 Be6 9. Qe2 c5 10. Nb3 Ng6 11. Rfd1 Bd6 12. c3 O-O 13. d4 cxd4 14. cxd4 Kh8
15. dxe5 fxe5 16. Ng5 Bg8 17. Nd2 Qe7 18. g3 c5 19. a4 Nf4 20. Bxf4 exf4 21.
Ngf3 fxg3 22. hxg3 c4 23. Nd4 Rac8 24. Rac1 b5 25. axb5 axb5 26. Qg4 Qf6 27.
N2f3 Bb8 28. Kg2 Rcd8 29. Qh5 g6 30. e5 Qg7 31. Qg5 Rd5 32. Nc6 Bc7 33. Ne7 Bd8
34. Nxg6+ Qxg6 35. Qe3 Bb6 36. Qe2 Rd3 37. Nh4 Qc6+ 38. f3 Re3 39. Qc2 Rexf3
40. Nxf3 Qxf3+ 41. Kh2 Rf5 0-1

[Event "ZMD Open"]
[Site "Dresden"]
[Date "????.??.??"]
[Round "?"]
[White "Böhm, R."]
[Black "Frey, A."]
[Result "1/2-1/2"]
[WhiteElo "2178"]
[BlackElo "2089"]
[PlyCount "53"]
[EventDate "2013.??.??"]

1. d4 Nf6 2. Nf3 g6 3. c4 Bg7 4. Nc3 d5 5. Bf4 O-O 6. e3 c5 7. dxc5 Qa5 8. Rc1
Nbd7 9. cxd5 Ne4 10. Nd4 Nxc3 11. bxc3 Nxc5 12. Bc4 e5 13. dxe6 Bxe6 14. Bxe6
Nxe6 15. O-O Nxf4 16. exf4 Qxa2 17. Qf3 b6 18. f5 Bxd4 19. cxd4 Rfd8 20. fxg6
hxg6 21. Rc7 Rac8 22. Rxc8 Rxc8 23. Ra1 Qe6 24. h4 Rd8 25. d5 Qe5 26. g3 a5 27.
Qb3 1/2-1/2

[Event "ZMD Open"]
[Site "Dresden"]
[Date "????.??.??"]
[Round "?"]
[White "Rozov, B."]
[Black "Pietzsch, M."]
[Result "1-0"]
[WhiteElo "2152"]
[BlackElo "2086"]
[PlyCount "64"]
[EventDate "2013.??.??"]

1. d4 Nf6 2. Nc3 c5 3. d5 d6 4. Bg5 g6 5. Qd2 Bg7 6. Bh6 Bxh6 7. Qxh6 Qa5 8.
Qd2 b5 9. f3 b4 10. Nd1 Ba6 11. e4 Bxf1 12. Kxf1 Nbd7 13. Nh3 O-O 14. Ne3 Rfc8
15. Nf4 c4 16. Qd4 Ne5 17. Kf2 Qb5 18. g4 b3 19. g5 Nfd7 20. a4 Qa6 21. c3 Nc5
22. Qd2 Ncd3+ 23. Nxd3 Nxd3+ 24. Kg3 Nxb2 25. h4 Nd3 26. h5 Kg7 27. hxg6 hxg6
28. Rh7+ Kf8 29. Nxc4 Rxc4 30. Rh8+ Kg7 31. Rxa8 b2 32. Rb1 Qb7 1-0

[Event "ZMD Open"]
[Site "Dresden"]
[Date "????.??.??"]
[Round "?"]
[White "Grohde, W."]
[Black "Herrich, C."]
[Result "0-1"]
[WhiteElo "2141"]
[BlackElo "2080"]
[PlyCount "67"]
[EventDate "2013.??.??"]

1. d4 Nf6 2. c4 g6 3. Nc3 Bg7 4. e4 d6 5. Bg5 O-O 6. Qd2 c5 7. d5 a6 8. a4 Qc7
9. Bd3 e6 10. dxe6 Bxe6 11. Nge2 Nc6 12. O-O Na5 13. Qc2 Nxc4 14. Nf4 Ne5 15.
Rad1 Nc6 16. Qc1 Rfe8 17. Rfe1 Nd4 18. Bb1 Rac8 19. Nxe6 fxe6 20. Qf4 Nd7 21.
Qh4 b5 22. axb5 axb5 23. f4 b4 24. Ne2 Nxe2+ 25. Rxe2 c4 26. Red2 Qc5+ 27. Kh1
Nf8 28. Rxd6 Bxb2 29. e5 Rc7 30. Bf6 Qa7 31. Qh6 c3 32. Rd8 Rxd8 33. Rxd8 Rf7
34. Bxg6 0-1

[Event "ZMD Open"]
[Site "Dresden"]
[Date "????.??.??"]
[Round "?"]
[White "Niegsch, N."]
[Black "Richter, L."]
[Result "1-0"]
[WhiteElo "2004"]
[BlackElo "2020"]
[PlyCount "105"]
[EventDate "2013.??.??"]

1. d4 Nf6 2. Nf3 g6 3. c4 Bg7 4. Nc3 O-O 5. g3 d6 6. Bg2 Nc6 7. O-O a6 8. b3
Rb8 9. Nd5 b5 10. Bg5 Ne4 11. Be3 e6 12. cxb5 axb5 13. Rc1 exd5 14. Rxc6 b4 15.
Qc1 Nc3 16. Rxc3 bxc3 17. Qxc3 Ba6 18. Qc2 Qd7 19. Rc1 Rb7 20. Ng5 Qb5 21. a4
Qxe2 22. Qxe2 Bxe2 23. Bxd5 Ra7 24. Bc6 Bh6 25. d5 Bxg5 26. Bxg5 Rb8 27. Re1
Bd3 28. Bf6 Bc2 29. Bd4 Ra6 30. Bb5 Raa8 31. Re3 Rc8 32. g4 h6 33. h4 Bd1 34.
f3 Rf8 35. Bf6 h5 36. gxh5 gxh5 37. Rc3 Kh7 38. Bd3+ Kh6 39. Bg5+ Kg7 40. Bb5
Rac8 41. Kf2 Rfe8 42. Bxe8 Rxe8 43. Be3 Rb8 44. a5 Bxb3 45. Bd4+ Kg6 46. Rxc7
Bxd5 47. Rd7 Be6 48. Rxd6 Kf5 49. a6 Kf4 50. a7 Rc8 51. Ra6 Ra8 52. Ra5 f5 53.
Be3# 1-0

[Event "ZMD Open"]
[Site "Dresden"]
[Date "????.??.??"]
[Round "?"]
[White "Rother, M."]
[Black "Sponheim, M."]
[Result "*"]
[WhiteElo "2136"]
[BlackElo "2073"]
[PlyCount "80"]
[EventDate "2013.??.??"]

1. e4 c5 2. Nf3 d6 3. d4 cxd4 4. Nxd4 Nf6 5. Nc3 a6 6. Be3 e5 7. Nb3 Be6 8. Qd2
Nbd7 9. f3 h5 10. O-O-O Qc7 11. Be2 Be7 12. Kb1 b5 13. Bxb5 axb5 14. Nxb5 Qc6
15. Nxd6+ Bxd6 16. Qxd6 Qxd6 17. Rxd6 Ke7 18. Rhd1 Rhc8 19. Nc1 Nc5 20. b3
Ncxe4 21. fxe4 Nxe4 22. Rxe6+ Kxe6 23. Kb2 g5 24. a4 f5 25. Bb6 Nc3 26. Re1
Rxa4 27. bxa4 Nxa4+ 28. Kb3 Nxb6 29. Nd3 e4 30. h4 Kf6 31. hxg5+ Kxg5 32. Nf2
Nc4 33. Rd1 Ne3 34. Rd2 Kf4 35. Re2 Nxg2 36. Nxe4 Kf3 37. Rf2+ Kxe4 38. Rxg2 f4
39. Rh2 Rh8 40. Kc3 Ke3 *

[Event "ZMD Open"]
[Site "Dresden"]
[Date "????.??.??"]
[Round "?"]
[White "Hansch, T."]
[Black "Schackmann, O."]
[Result "1-0"]
[WhiteElo "2116"]
[BlackElo "1903"]
[PlyCount "161"]
[EventDate "2013.??.??"]

1. d4 d5 2. c4 c6 3. Nf3 Nf6 4. e3 a6 5. b3 b5 6. Bd3 Bg4 7. Nbd2 e6 8. Qc2
Nbd7 9. Bb2 Be7 10. O-O Bh5 11. Ne5 Nxe5 12. dxe5 Nd7 13. Bd4 dxc4 14. bxc4 c5
15. Bb2 b4 16. f4 Bg6 17. e4 f6 18. f5 Bf7 19. fxe6 Bxe6 20. exf6 Bxf6 21. Bxf6
Nxf6 22. e5 Qd4+ 23. Kh1 Ng4 24. Nf3 Qf4 25. Be4 Rd8 26. g3 Qe3 27. Rae1 Qc3
28. Qa4+ Ke7 29. Qc6 Qxc4 30. Rc1 Nf2+ 31. Kg1 Qxe4 32. Qxc5+ Ke8 33. Rxf2 Bd5
34. e6 h6 35. Qa7 Rf8 36. e7 Qxe7 37. Re1 Be6 38. Qxa6 Rd6 39. Qb5+ Qd7 40.
Qb8+ Qd8 41. Qxb4 Rf7 42. Rd2 Qb6+ 43. Qxb6 Rxb6 44. Nd4 Rd7 45. Rde2 Rxd4 46.
Rxe6+ Rxe6 47. Rxe6+ Kf7 48. Re2 Rd1+ 49. Kf2 Kf6 50. Ke3 Kf5 51. Rd2 Ra1 52.
Kd3 Kg4 53. Kc3 g5 54. Kb3 h5 55. a4 h4 56. Ra2 Rb1+ 57. Rb2 Ra1 58. gxh4 gxh4
59. Kb4 h3 60. a5 Rg1 61. a6 Rg2 62. Kb3 Kf3 63. a7 Rg1 64. Kc4 Rg4+ 65. Kb5
Rg5+ 66. Ka6 Rg6+ 67. Rb6 Rg8 68. Rb8 Rg6+ 69. Kb5 Rg5+ 70. Kb4 Rg4+ 71. Kb3
Kg2 72. a8=Q+ Kxh2 73. Rg8 Rb4+ 74. Kc3 Rb3+ 75. Kd4 Rb4+ 76. Ke3 Rb3+ 77. Kf4
Rb4+ 78. Kg5 Rb5+ 79. Kg6 Rb6+ 80. Kg7 Rb2 81. Qf3 1-0

[Event "ZMD Open"]
[Site "Dresden"]
[Date "????.??.??"]
[Round "?"]
[White "Mager, D."]
[Black "Mertens, F."]
[Result "1/2-1/2"]
[WhiteElo "2006"]
[BlackElo "2097"]
[PlyCount "102"]
[EventDate "2013.??.??"]

1. c4 Nf6 2. Nc3 e5 3. g3 Nc6 4. Bg2 d6 5. Nf3 Be6 6. d4 e4 7. Ng5 d5 8. O-O
Be7 9. cxd5 Bxd5 10. Be3 O-O 11. Ngxe4 Nxe4 12. Nxe4 f5 13. Nc5 Bxg2 14. Kxg2
Qd5+ 15. Kg1 f4 16. Bxf4 Nxd4 17. Ne6 Qxe6 18. Qxd4 c5 19. Qe5 Rf6 20. Rfd1
Raf8 21. Qxe6+ Rxe6 22. Rd7 Rxe2 23. Kf1 Re6 24. Rxb7 Bf6 25. Re1 Ra6 26. a3
Rb6 27. Rxb6 axb6 28. Be5 Kf7 29. Bxf6 Kxf6 30. Re3 Rd8 31. Ke2 c4 32. f4 Rd5
33. Kf3 h5 34. Re2 Kf5 35. h3 Rd3+ 36. Re3 Rd2 37. g4+ hxg4+ 38. hxg4+ Kf6 39.
Re2 Rd3+ 40. Ke4 g6 41. f5 gxf5+ 42. gxf5 Rd1 43. Rf2 b5 44. Rh2 Rb1 45. Kd4
Rf1 46. Rh6+ Kxf5 47. Rb6 Rd1+ 48. Kc3 Rd3+ 49. Kc2 Rb3 50. Rc6 Ke5 51. Rc7 Kd5
1/2-1/2

[Event "ZMD Open"]
[Site "Dresden"]
[Date "????.??.??"]
[Round "?"]
[White "Hansch, S."]
[Black "Richter, G."]
[Result "0-1"]
[WhiteElo "1980"]
[BlackElo "2127"]
[PlyCount "108"]
[EventDate "2013.??.??"]

1. d4 d5 2. Nf3 e6 3. c4 Nf6 4. g3 Bb4+ 5. Bd2 Be7 6. Bg2 O-O 7. O-O dxc4 8.
Qc2 a6 9. Qxc4 b5 10. Qc2 Bb7 11. Rd1 Be4 12. Qc1 Nc6 13. Be1 Nb4 14. Bxb4 Bxb4
15. a3 Bd6 16. Nc3 Bb7 17. Ne5 Bxg2 18. Kxg2 Qb8 19. Nc6 Qb7 20. Na2 a5 21. Qc2
Ra6 22. Rac1 b4 23. axb4 axb4 24. Qc4 Rb6 25. b3 Ra8 26. Rd2 Nd5 27. Kg1 Rxa2
28. Rxa2 Nc3 29. Na5 Qa8 30. Rxc3 bxc3 31. Qxc3 Bb4 32. Qxc7 Ra6 33. Rc2 Rxa5
34. f3 Ra2 35. Rxa2 Qxa2 36. Kf2 Qb2 37. Qb6 Qc3 38. Qb8+ Bf8 39. Qb6 h5 40. h4
Be7 41. Qb8+ Kh7 42. Qe5 g6 43. Qe3 Qc2 44. Kg2 Bf6 45. g4 hxg4 46. fxg4 Bxh4
47. Kh3 Bf6 48. Qf4 Qxb3+ 49. e3 Kg7 50. g5 Be7 51. Qe5+ Kg8 52. Kh4 Qd5 53.
Qf4 Bd6 54. Qf2 Qh1+ 0-1

[Event "ZMD Open"]
[Site "Dresden"]
[Date "????.??.??"]
[Round "?"]
[White "Kieslich, A."]
[Black "Bösch, D."]
[Result "1-0"]
[WhiteElo "2011"]
[BlackElo "2077"]
[PlyCount "109"]
[EventDate "2013.??.??"]

1. d4 Nf6 2. c4 g6 3. Nc3 d5 4. Nf3 Bg7 5. Bf4 O-O 6. Rc1 c5 7. dxc5 Qa5 8. Qa4
Qxa4 9. Nxa4 Bd7 10. Nc3 dxc4 11. e3 Be6 12. Nd4 Bd5 13. Nxd5 Nxd5 14. Bxb8
Raxb8 15. Bxc4 Rfd8 16. O-O Rbc8 17. Bxd5 Rxd5 18. c6 Rc7 19. cxb7 Rxb7 20.
Rc8+ Bf8 21. b3 Kg7 22. g3 e5 23. Nf3 Ra5 24. Rc2 Bb4 25. Rd1 h6 26. e4 Rbb5
27. Rd7 Rc5 28. Rxc5 Bxc5 29. Nxe5 Bxf2+ 30. Kxf2 Rxe5 31. Rxa7 Rxe4 32. Rb7
Re6 33. a4 Rc6 34. a5 Rc2+ 35. Kg1 Ra2 36. b4 Kf6 37. Rb6+ Ke5 38. a6 g5 39. b5
Ke4 40. Rf6 g4 41. Rf1 Kd3 42. Rb1 Kc2 43. b6 Kxb1 44. b7 Rb2 45. a7 Rxb7 46.
a8=Q Rb4 47. Qf8 Rd4 48. Qxh6 Kc2 49. Qh7+ Kd2 50. Qxf7 Ke3 51. Qe6+ Re4 52.
Qh6+ Kf3 53. Qf6+ Ke3 54. Qc3+ Ke2 55. Kg2 1-0

[Event "ZMD Open"]
[Site "Dresden"]
[Date "????.??.??"]
[Round "?"]
[White "Klaus, J."]
[Black "Zimmermann, C."]
[Result "1/2-1/2"]
[WhiteElo "1916"]
[BlackElo "2045"]
[PlyCount "39"]
[EventDate "2013.??.??"]

1. d4 Nf6 2. Nf3 g6 3. e3 Bg7 4. Be2 O-O 5. O-O b6 6. c4 Bb7 7. Nc3 d5 8. cxd5
Nxd5 9. Qb3 Nxc3 10. bxc3 Nd7 11. Ba3 Re8 12. Rad1 Nf6 13. Ne5 e6 14. Bb5 Ne4
15. f3 Qg5 16. fxe4 Bxe5 17. Bxe8 Bxh2+ 18. Kxh2 Qh6+ 19. Kg1 Qxe3+ 20. Kh2
1/2-1/2

[Event "ZMD Open"]
[Site "Dresden"]
[Date "????.??.??"]
[Round "?"]
[White "Peil, C."]
[Black "Schellmann, F."]
[Result "1/2-1/2"]
[WhiteElo "2015"]
[BlackElo "2121"]
[PlyCount "117"]
[EventDate "2013.??.??"]

1. e4 e5 2. Nf3 Nc6 3. Bc4 Nf6 4. d3 Be7 5. O-O O-O 6. Re1 d6 7. c3 Na5 8. Bb5
a6 9. Ba4 b5 10. Bc2 c5 11. h3 Nc6 12. Nbd2 Qc7 13. Nf1 d5 14. exd5 Nxd5 15.
Ng3 Nf4 16. Bxf4 exf4 17. Ne4 Bf5 18. Qe2 h6 19. Rad1 Rfd8 20. Bb1 Rab8 21. a3
Bg6 22. d4 cxd4 23. cxd4 Qb6 24. d5 Na5 25. Ne5 Bf8 26. Qg4 Nc4 27. Nc6 Nxb2
28. Nf6+ gxf6 29. Bxg6 Bg7 30. Bxf7+ Kh8 31. Nxd8 Rxd8 32. Rd2 Nc4 33. Rde2 Nd6
34. Re7 f5 35. Qg6 Qd4 36. Be8 Ne4 37. R1xe4 fxe4 38. Bd7 Qf6 39. Re8+ Rxe8 40.
Qxe8+ Bf8 41. Qxe4 Bxa3 42. Qe8+ Kg7 43. Be6 Qf8 44. Qd7+ Qe7 45. Qc8 Bd6 46.
Qxa6 b4 47. Qc8 Kf6 48. Qh8+ Qg7 49. Qd8+ Ke5 50. Qa5 Qc7 51. Qxc7 Bxc7 52. Bg8
Bd6 53. Kf1 Kd4 54. Ke2 Kc3 55. Kf3 b3 56. Bh7 Kd4 57. g3 fxg3 58. fxg3 Kxd5
59. Bg8+ 1/2-1/2

[Event "ZMD Open"]
[Site "Dresden"]
[Date "????.??.??"]
[Round "?"]
[White "Zahn, A."]
[Black "Brendel, B."]
[Result "0-1"]
[WhiteElo "1985"]
[BlackElo "2033"]
[PlyCount "74"]
[EventDate "2013.??.??"]

1. e4 c6 2. d4 d5 3. e5 Bf5 4. Nf3 e6 5. Be2 c5 6. Be3 Qb6 7. Nc3 Qxb2 8. Nb5
c4 9. Nc7+ Kd8 10. Nxa8 Bxc2 11. Qc1 Qxc1+ 12. Rxc1 Be4 13. O-O Nc6 14. Ng5 Bg6
15. f4 Nh6 16. g4 Ba3 17. Rcd1 Kd7 18. f5 exf5 19. gxf5 Nxf5 20. Bg4 Nce7 21.
Nxf7 Rxa8 22. Ng5 h6 23. Nf3 Ke8 24. Bf2 c3 25. Ne1 Bb2 26. Be2 Rc8 27. Bd3 Bh5
28. Rb1 g6 29. Nc2 Rb8 30. Bb5+ Kd8 31. Bh4 Nxh4 32. Rf8+ Kc7 33. Rf7 Nhf5 34.
Rf1 Kb6 35. a4 a6 36. Bd3 Ka5 37. Rf6 Kxa4 0-1

[Event "ZMD Open"]
[Site "Dresden"]
[Date "????.??.??"]
[Round "?"]
[White "Gungl, T."]
[Black "Salewski, B."]
[Result "1-0"]
[WhiteElo "1948"]
[BlackElo "2020"]
[PlyCount "49"]
[EventDate "2013.??.??"]

1. e4 e6 2. d4 d5 3. Nd2 Nf6 4. e5 Nfd7 5. c3 c5 6. Bd3 Nc6 7. Ne2 cxd4 8. cxd4
f6 9. exf6 Nxf6 10. Nf3 Bd6 11. O-O Qc7 12. g3 O-O 13. Bf4 Bxf4 14. Nxf4 Ne4
15. Qe2 Rxf4 16. gxf4 Qxf4 17. Qe3 Qg4+ 18. Kh1 Nf6 19. Rg1 Qh5 20. Rg5 Qf7 21.
Rag1 Nh5 22. Ne5 Nxe5 23. dxe5 Bd7 24. Qh3 Nf4 25. Qxh7+ 1-0

[Event "ZMD Open"]
[Site "Dresden"]
[Date "????.??.??"]
[Round "?"]
[White "Herbrig, T."]
[Black "Scharff, K."]
[Result "1-0"]
[WhiteElo "1921"]
[BlackElo "2013"]
[PlyCount "93"]
[EventDate "2013.??.??"]

1. Nf3 d6 2. d4 e6 3. c3 f5 4. Qb3 Nf6 5. Bg5 Be7 6. Nbd2 a5 7. Bxf6 Bxf6 8. e4
a4 9. Qc2 O-O 10. Bd3 g6 11. O-O c5 12. dxc5 dxc5 13. Rad1 Qc7 14. Bb5 Qa5 15.
Be2 b5 16. e5 Bg7 17. Qd3 c4 18. Qe3 Qc7 19. Rfe1 Bb7 20. Qg5 Qf7 21. h4 h6 22.
Qe3 Qc7 23. Nd4 Qb6 24. Qg3 Kh7 25. Bf3 Bxf3 26. N2xf3 Ra7 27. Ne2 Rg8 28. Rd6
Qc7 29. Rxe6 Qf7 30. Rb6 Re7 31. Nf4 Bf8 32. Qh3 Qe8 33. Nd5 Qd8 34. Nf6+ Kh8
35. Rd6 Qc8 36. Nxg8 Kxg8 37. Rxg6+ Kh7 38. Rf6 Bg7 39. Rb6 Na6 40. e6 Nc5 41.
Qxf5+ Kg8 42. Re3 Nd3 43. Qxb5 Re8 44. Rc6 Qa8 45. Rxc4 Rb8 46. Qd7 Nxb2 47.
Rg4 1-0